PERSONALITY MALADJUSTMENTS AND MENTAL HYGIENE A TEXTBOOK FOR PSYCHOLOGIST EDUCATIONS COUNSELORS AND MENTAL HYGIENE WORKER'S (Record no. 570286)
[ view plain ]
| 000 -LEADER | |
|---|---|
| fixed length control field | 00372nam a22001217a 4500 |
| 082 ## - DEWEY DECIMAL CLASSIFICATION NUMBER | |
| Classification number | 155.2 WAL'P |
| 100 ## - MAIN ENTRY--PERSONAL NAME | |
| Personal name | WALLIN, J. E WALLACE |
| 9 (RLIN) | 60596 |
| 245 ## - TITLE STATEMENT | |
| Title | PERSONALITY MALADJUSTMENTS AND MENTAL HYGIENE A TEXTBOOK FOR PSYCHOLOGIST EDUCATIONS COUNSELORS AND MENTAL HYGIENE WORKER'S |
| 250 ## - EDITION STATEMENT | |
| Edition statement | 1ST |
| 260 ## - PUBLICATION, DISTRIBUTION, ETC. | |
| Place of publication, distribution, etc. | NEWYORK |
| Name of publisher, distributor, etc. | MCGRAW HILL |
| Date of publication, distribution, etc. | 1935 |
| 300 ## - PHYSICAL DESCRIPTION | |
| Extent | 511P |
| 942 ## - ADDED ENTRY ELEMENTS (KOHA) | |
| Koha item type | Book |
| Withdrawn status | Lost status | Damaged status | Not for loan | Permanent Location | Current Location | Shelving location | Date acquired | Total Checkouts | Full call number | Barcode | Date last seen | Price effective from | Koha item type |
|---|---|---|---|---|---|---|---|---|---|---|---|---|---|
| College of Electrical & Mechanical Engineering (CEME) | College of Electrical & Mechanical Engineering (CEME) | General Stacks | 07/19/2017 | 155.2 WAL'P | CEME-164 | 06/28/2021 | 06/28/2021 | Book |
